000 00584nam a2200205Ia 4500
005 20230630103717.0
008 131103s9999 xx 000 0 und d
040 _aLoreto College
041 _aEnglish
082 _a942.073
_bBRY
100 _aBryant,Arthur
245 4 _aThe years of endurance
_b 1793 - 1802
_cArthur Bryant
260 _aLondon
_bCollins
_c1942
300 _axiv,370 p.
_b ill.,maps
504 _aIncludes bibliographical references and index
650 _aGeorge III,1760 - 1820
651 _aEngland - History,1793 - 1802
850 _aLCLIB
942 _cBK
999 _c8387
_d58866